| 000 | 00542nam a22001577a 4500 | ||
|---|---|---|---|
| 003 | LK-CoMWRAF | ||
| 005 | 20240118130438.0 | ||
| 008 | 231214b |||||||| |||| 00| 0 eng d | ||
| 040 |
_aLK-CoMWRAF _dLK-CoMWRAF _eLK-CoMWRAF |
||
| 041 | _asin | ||
| 082 |
_a613.042 _bKAN |
||
| 245 |
_aකාන්තා ශරීරය : _bමිත්යාවෙන් සත්යයට |
||
| 246 | _aKantha shareeraya : mithyawen sathyayata | ||
| 260 |
_aකොළඹ : _bකාන්තා ශක්ති සංවිධානය _c1989 |
||
| 942 | _cBK | ||
| 999 |
_c4452 _d4452 |
||